| 000 | 00902nam a22002177a 4500 | ||
|---|---|---|---|
| 003 | IT-MiCISF | ||
| 005 | 20240725125641.0 | ||
| 008 | 240725b |||||||| |||| 00| 0 eng d | ||
| 040 | _cIT-MiCISF | ||
| 041 | _ait | ||
| 100 |
_aIacovone Luca (et al.) _960942 |
||
| 245 | _aBasaglia, dove sei? | ||
| 250 | _a"Vita", n. 3, marzo | ||
| 260 | _c2024 | ||
| 300 | _app. 17-72 | ||
| 500 | _asalute-mentale, servizi, sanità , psichiatria, cambiamento, statistica, adolescenza, giovani, età -adulta, associazioni, storia, esperienze, nuovi-media | ||
| 650 | _aSalute / cura | ||
| 654 | _adossier | ||
| 700 |
_aRiva M., Munzi F., Taverna F., Colmegna V., Rossi V., Righetti A., Moretti A., _aCastronuovo D., Pasqualetti D., Polizzi M., Colombo A., Cavedoni F., Spena A., _aDi Mella E., Ciano G., Manna D., Garella N., Nanni E., Del Giudice G., _aRotelli F., Dell'Acqua P. _960943 |
||
| 942 |
_2ddc _cCR |
||
| 999 |
_c360208 _d360210 |
||